Argentina víctima de la guerra agrícola. El inclemente proteccionismo de los ricos.
Dotácia na viaceré obilniny v USA má ťažké dôsledky na poľnohospodárstvo Argentíny. Poľnohospodárska vojna medzi USA a EHS ničí ceny a tým aj politiku prispôsobovania sa Argentíny. Blížiaca sa schôdzka Uruguayského kola GATT toto ešte zhoršila.
Saved in:
| Main Author: | |
|---|---|
| Format: | Book Chapter |
| Language: | Spanish |
| Subjects: | |
| Tags: |
No Tags, Be the first to tag this record!
|
MARC
| LEADER | 00000naa a2200000 4500 | ||
|---|---|---|---|
| 001 | r003513 | ||
| 005 | 20220818102501.9 | ||
| 041 | 0 | |a spa | |
| 044 | |a MX | ||
| 245 | 1 | 0 | |a Argentina víctima de la guerra agrícola. |b El inclemente proteccionismo de los ricos. |c C. Ábalo |
| 520 | |a Dotácia na viaceré obilniny v USA má ťažké dôsledky na poľnohospodárstvo Argentíny. Poľnohospodárska vojna medzi USA a EHS ničí ceny a tým aj politiku prispôsobovania sa Argentíny. Blížiaca sa schôdzka Uruguayského kola GATT toto ešte zhoršila. | ||
| 610 | 2 | 0 | |a obilniny |
| 610 | 2 | 0 | |a dotácie |
| 610 | 2 | 0 | |a USA |
| 610 | 2 | 0 | |a poľnohospodárstvo |
| 610 | 2 | 0 | |a Argentína |
| 610 | 2 | 0 | |a protekcionizmus |
| 610 | 2 | 0 | |a GATT |
| 610 | 2 | 0 | |a EHS |
| 610 | 2 | 0 | |a ceny svetové |
| 100 | 1 | |a Ábalo, C. | |